| 000 | 01052cam a22002654a 4500 | ||
|---|---|---|---|
| 001 | 11878644 | ||
| 005 | 20240223123027.0 | ||
| 010 | _a 00020886 | ||
| 020 | _a0439162963 | ||
| 040 |
_aDLC _cDLC _dDLC |
||
| 042 |
_apcc _alcac |
||
| 050 | 0 |
_aQM27 _b.Z64 2000 |
|
| 082 | 0 |
_a612 _221 |
|
| 100 | 1 | _aZoehfeld, Kathleen Weidner. | |
| 240 | 0 | 0 | _aHuman body |
| 245 | 0 | 0 |
_aHuman body _cby Kathleen Weidner Zoehfeld. |
| 260 |
_aNew York _bScholastic _c2000 |
||
| 300 |
_a32 p. _bcol. ill. _c23 cm |
||
| 440 | 0 | _aScholastic science readers | |
| 520 | _aA simple explanation of how the human body works, discussing the five senses, muscles, bones, digestion, the heart, and the brain. | ||
| 650 | 1 | 0 |
_aHuman body _vJuvenile literature. |
| 906 |
_a7 _bcbc _corignew _d1 _eocip _f20 _gy-gencatlg |
||
| 942 |
_2ddc _cNF |
||
| 999 |
_c5531 _d5531 |
||